000 00405 a2200109 4500
001 ART_41155
005 20260410161629.0
008 260409a
245 1 0 _aCumplimiento del requisito del conocimiento del estado de cesación de pagos por parte del tercero en la acción de revocatoria concursal
100 1 _aRodríguez, Raquel E.
773 0 _tEnfoques
_g- Nº 2 (feb. 2017)
_wREV416
999 _c12245
_d12245